Sťahovanie obyvateľstva v Slovenskej republike

Migrácia a celoživotný vývoj obyvateľstva v konkrétnych spoločenských, sociálnych a ekonomických podmienkach. Prehľad faktorov, ktoré ovplyvňovali sťahovanie (zmenu bydliska) obyvateľstva. Podiel trvale bývajúceho obyvateľstva narodeného na území SR, narodeného v obci trvalého bydliska a narodeného...

Ausführliche Beschreibung

Gespeichert in:
Bibliographische Detailangaben
1. Verfasser: Horecký, Marián
Format: Buchkapitel
Sprache:Slowakisch
Schlagworte:
Tags: Tag hinzufügen
Keine Tags, Fügen Sie das erste Tag hinzu!

MARC

LEADER 00000naa$a2200000$$$4500
001 0001974
005 20230906074224.0
041 0 |a slo 
044 |a SK 
245 1 0 |a Sťahovanie obyvateľstva v Slovenskej republike  |c aut. Marián Horecký 
520 |a Migrácia a celoživotný vývoj obyvateľstva v konkrétnych spoločenských, sociálnych a ekonomických podmienkach. Prehľad faktorov, ktoré ovplyvňovali sťahovanie (zmenu bydliska) obyvateľstva. Podiel trvale bývajúceho obyvateľstva narodeného na území SR, narodeného v obci trvalého bydliska a narodeného v inej obci okresu trvalého bydliska. Podiel obyvateľov narodených v Českej republike. Pohľad na vekovú štruktúru sťahujúceho sa obyvateľstva. Úroveň urbanizácie osídlenia -sťahovanie v mestách a v obciach vidieckeho charakteru. 
610 2 0 |a migrácia 
610 2 0 |a štatistika obyvateľstva 
610 2 0 |a obyvateľstvo 
610 2 0 |a bývanie 
610 2 0 |a pohyb obyvateľstva 
610 2 0 |a urbanizácia 
610 2 0 |a kraje 
610 2 0 |a Slovensko 
610 2 0 |a Česko 
610 2 0 |a podmienky životné 
100 1 |a Horecký, Marián